000 00574nam a2200205 4500
001 73670
003 ES-MaACL
005 20260525062928.0
007 t|
008 040909s1962 sp |||| | spa d
080 _a821.134.2-3"19"
100 1 _aGómez de la Serna, Ramón,
_d1888-1963
_957901
245 1 0 _aCaprichos /
_cRamón Gómez de la Serna.
260 _aMadrid :
_bEspasa-Calpe,
_c[1962]
300 _a229 p. ;
_c18 cm.
490 1 _aColección austral ;
_v1321
830 0 _aColección austral
_v1321
_9177655
852 _aES-MaACL
_jC-22633
999 _c73670
_d73670